000 00626nam a2200229Ia 4500
003 IIN
005 20250506104505.0
008 231217s2018 xx d 001 0 eng d
020 _cRs.325.00
_a9789386006707
040 _aIIN
_bEnglish
082 _a610.73
_bSRE
100 1 _aSreelekha, B.
245 1 _aFundamentals of Nursing Process Application/
_cSreelekha B. and Seethalakshmi A.
250 _a2nd ed
260 _bEMMESS
_aBangalore
_c2018
300 _aviii, 245p.
500 _aIncludes Index
650 1 _aFoundation
_vNursing
650 1 _aFundamentals
_vNursing
700 1 _aSeethalakshmi, A.
942 _cBOOK
999 _c415
_d415